[Event "XLIV Memoriał Szachowy Ludwika Zamenhofa 2025, Grupa B"]
[Site "Bialystok, Poland"]
[Date "2025.12.29"]
[Round "5.15"]
[White "Pojawa, Jakub"]
[Black "Sawicki, Dorian"]
[Result "0-1"]
[TimeControl "90'+30\""]
[WhiteElo "1858"]
[BlackElo "1992"]

1. d4 {[%clk 01:21:44]} {[%emt 00:09:16]} Nf6 {[%clk 01:30:53]} {[%emt
00:00:06]} 2. c4 {[%clk 01:22:10]} {[%emt 00:00:05]} e6 {[%clk 01:31:19]}
{[%emt 00:00:04]} 3. Nc3 {[%clk 01:22:35]} {[%emt 00:00:04]} Bb4 {[%clk
01:31:44]} {[%emt 00:00:05]} 4. e3 {[%clk 01:23:01]} {[%emt 00:00:04]} O-O
{[%clk 01:31:50]} {[%emt 00:00:24]} 5. Nge2 {[%clk 01:23:01]} {[%emt 00:00:31]}
d5 {[%clk 01:30:37]} {[%emt 00:01:42]} 6. a3 {[%clk 01:20:27]} {[%emt
00:03:05]} Be7 {[%clk 01:30:28]} {[%emt 00:00:39]} 7. cxd5 {[%clk 01:19:04]}
{[%emt 00:01:52]} exd5 {[%clk 01:30:47]} {[%emt 00:00:12]} 8. Ng3 {[%clk
01:04:19]} {[%emt 00:15:14]} Re8 {[%clk 01:27:32]} {[%emt 00:03:45]} 9. Bd3
{[%clk 01:04:37]} {[%emt 00:00:13]} c6 {[%clk 01:24:53]} {[%emt 00:03:08]} 10.
O-O {[%clk 01:04:48]} {[%emt 00:00:19]} g6 {[%clk 01:22:57]} {[%emt 00:02:26]}
11. Bd2 {[%clk 00:53:48]} {[%emt 00:11:29]} Nbd7 {[%clk 01:14:23]} {[%emt
00:09:05]} 12. Rc1 {[%clk 00:52:36]} {[%emt 00:01:43]} Bd6 {[%clk 01:09:22]}
{[%emt 00:05:30]} 13. Re1 {[%clk 00:51:58]} {[%emt 00:01:08]} h5 {[%clk
01:06:05]} {[%emt 00:03:46]} 14. e4 {[%clk 00:50:13]} {[%emt 00:02:16]} h4
{[%clk 00:55:55]} {[%emt 00:10:40]} 15. Nf1 {[%clk 00:48:46]} {[%emt 00:01:56]}
dxe4 {[%clk 00:54:05]} {[%emt 00:02:21]} 16. Nxe4 {[%clk 00:48:35]} {[%emt
00:00:41]} Nxe4 {[%clk 00:50:57]} {[%emt 00:03:38]} 17. Rxe4 {[%clk 00:48:19]}
{[%emt 00:00:46]} Rxe4 {[%clk 00:44:18]} {[%emt 00:07:09]} 18. Bxe4 {[%clk
00:48:42]} {[%emt 00:00:07]} Nb6 {[%clk 00:42:46]} {[%emt 00:02:02]} 19. Qf3
{[%clk 00:43:53]} {[%emt 00:05:15]} Be6 {[%clk 00:36:02]} {[%emt 00:07:18]} 20.
Re1 {[%clk 00:41:08]} {[%emt 00:03:15]} Qd7 {[%clk 00:33:20]} {[%emt 00:03:13]}
21. Bh6 {[%clk 00:34:50]} {[%emt 00:06:47]} Be7 {[%clk 00:27:23]} {[%emt
00:06:28]} 22. Qf4 {[%clk 00:18:11]} {[%emt 00:17:08]} Re8 {[%clk 00:19:48]}
{[%emt 00:08:06]} 23. Bc2 {[%clk 00:10:17]} {[%emt 00:08:21]} Nd5 {[%clk
00:18:30]} {[%emt 00:01:50]} 24. Qd2 {[%clk 00:08:16]} {[%emt 00:02:29]} Bf6
{[%clk 00:13:54]} {[%emt 00:05:08]} 25. Bg5 {[%clk 00:06:11]} {[%emt 00:02:35]}
Qd8 {[%clk 00:14:16]} {[%emt 00:00:08]} 26. Bxf6 {[%clk 00:04:49]} {[%emt
00:01:53]} Qxf6 {[%clk 00:14:39]} {[%emt 00:00:06]} 27. Bb3 {[%clk 00:05:03]}
{[%emt 00:00:14]} Rd8 {[%clk 00:14:12]} {[%emt 00:00:59]} 28. Qa5 {[%clk
00:03:47]} {[%emt 00:01:34]} h3 {[%clk 00:13:45]} {[%emt 00:01:10]} 29. Ne3
{[%clk 00:01:21]} {[%emt 00:02:56]} Nxe3 {[%clk 00:07:19]} {[%emt 00:06:55]} 30.
Rxe3 {[%clk 00:00:51]} {[%emt 00:00:59]} b6 {[%clk 00:02:44]} {[%emt 00:05:06]}
31. Qe1 {[%clk 00:00:38]} {[%emt 00:00:40]} Bxb3 {[%clk 00:00:58]} {[%emt
00:02:19]} 32. Rxb3 {[%clk 00:01:07]} hxg2 {[%clk 00:01:16]} {[%emt 00:00:12]}
33. Kxg2 {[%clk 00:01:13]} {[%emt 00:00:24]} Qxd4 {[%clk 00:01:19]} {[%emt
00:00:27]} 34. Qe7 {[%clk 00:01:25]} {[%emt 00:00:18]} Rd7 {[%clk 00:00:33]}
{[%emt 00:01:17]} 35. Qe8+ {[%clk 00:01:54]} Kg7 {[%clk 00:00:54]} {[%emt
00:00:08]} 36. Rh3 {[%clk 00:01:37]} {[%emt 00:00:46]} Qd5+ {[%clk 00:00:51]}
{[%emt 00:00:34]} 37. Kg1 {[%clk 00:01:01]} {[%emt 00:01:04]} Rd8 {[%clk
00:01:08]} {[%emt 00:00:15]} 38. Qe3 {[%clk 00:01:14]} {[%emt 00:00:16]} Qd1+
{[%clk 00:01:03]} {[%emt 00:00:35]} 39. Kg2 {[%clk 00:01:40]} {[%emt 00:00:05]}
Qg4+ {[%clk 00:01:04]} {[%emt 00:00:29]} 40. Rg3 {[%clk 00:02:05]} {[%emt
00:00:05]} Qd4 {[%clk 00:01:01]} {[%emt 00:00:33]} 41. Qe7 {[%clk 00:02:28]}
{[%emt 00:00:06]} Rd7 {[%clk 00:01:05]} {[%emt 00:00:27]} 42. Qe8 {[%clk
00:02:53]} {[%emt 00:00:05]} Qd5+ {[%clk 00:00:48]} {[%emt 00:00:47]} 43. Rf3
{[%clk 00:02:46]} {[%emt 00:00:35]} a5 {[%clk 00:00:48]} {[%emt 00:00:33]} 44.
Qe3 {[%clk 00:03:07]} {[%emt 00:00:09]} c5 {[%clk 00:00:58]} {[%emt 00:00:20]}
45. Qf4 {[%clk 00:03:05]} {[%emt 00:00:29]} f5 {[%clk 00:00:47]} {[%emt
00:00:43]} 46. Qb8 {[%clk 00:01:56]} {[%emt 00:01:38]} g5 {[%clk 00:00:35]}
{[%emt 00:00:43]} 47. Kg3 {[%clk 00:01:42]} {[%emt 00:00:44]} f4+ {[%clk
00:00:46]} {[%emt 00:00:19]} 48. Kg4 {[%clk 00:01:45]} {[%emt 00:00:27]} Qe6+
{[%clk 00:00:41]} {[%emt 00:00:34]} 49. Kh5 {[%clk 00:02:10]} {[%emt 00:00:06]}
Qg6+ {[%clk 00:00:52]} {[%emt 00:00:19]} 50. Kg4 {[%clk 00:02:35]} {[%emt
00:00:05]} Qe6+ {[%clk 00:01:03]} {[%emt 00:00:19]} 51. Kh5 {[%clk 00:03:01]}
{[%emt 00:00:04]} Qh6+ {[%clk 00:00:46]} {[%emt 00:00:47]} 52. Kg4 {[%clk
00:03:27]} {[%emt 00:00:04]} Re7 {[%clk 00:00:31]} {[%emt 00:00:45]} 53. Qd8
{[%clk 00:03:28]} {[%emt 00:00:29]} Qf6 {[%clk 00:00:32]} {[%emt 00:00:29]} 54.
Qd5 {[%clk 00:03:32]} {[%emt 00:00:24]} Re5 {[%clk 00:00:40]} {[%emt 00:00:25]}
55. Qd7+ {[%clk 00:03:29]} {[%emt 00:00:32]} Kg6 {[%clk 00:00:33]} {[%emt
00:00:37]} 56. Rd3 {[%clk 00:03:19]} {[%emt 00:00:39]} Re6 {[%clk 00:00:38]}
{[%emt 00:00:26]} 57. Qd5 {[%clk 00:03:08]} {[%emt 00:00:37]} Re8 {[%clk
00:00:32]} {[%emt 00:00:40]} 58. Qd6 {[%clk 00:03:03]} {[%emt 00:00:35]} Re6
{[%clk 00:00:55]} {[%emt 00:00:07]} 59. Qd5 {[%clk 00:03:26]} {[%emt 00:00:06]}
a4 {[%clk 00:01:06]} {[%emt 00:00:21]} 60. h3 {[%clk 00:01:54]} {[%emt
00:02:01]} Kh6 {[%clk 00:01:13]} {[%emt 00:00:23]} 61. h4 {[%clk 00:01:27]}
{[%emt 00:00:57]} gxh4 {[%clk 00:00:58]} {[%emt 00:00:45]} 62. Qh5+ {[%clk
00:01:34]} {[%emt 00:00:23]} Kg7 {[%clk 00:01:26]} {[%emt 00:00:02]} 63. Rd7+
{[%clk 00:01:55]} {[%emt 00:00:09]} Re7 {[%clk 00:01:41]} {[%emt 00:00:15]} 64.
Rxe7+ {[%clk 00:02:18]} {[%emt 00:00:08]} Qxe7 {[%clk 00:02:09]} {[%emt
00:00:01]} 65. Qxh4 {[%clk 00:02:38]} {[%emt 00:00:10]} Qxh4+ {[%clk 00:02:12]}
{[%emt 00:00:26]} 66. Kxh4 {[%clk 00:03:06]} {[%emt 00:00:03]} Kf6 {[%clk
00:02:42]} 67. Kg4 {[%clk 00:03:15]} {[%emt 00:00:21]} Ke5 {[%clk 00:03:02]}
{[%emt 00:00:09]} 68. Kf3 {[%clk 00:03:40]} {[%emt 00:00:05]} b5 {[%clk
00:03:24]} {[%emt 00:00:07]} 69. Ke2 {[%clk 00:04:05]} {[%emt 00:00:06]} Ke4
{[%clk 00:03:51]} {[%emt 00:00:03]} 70. f3+ {[%clk 00:04:28]} {[%emt 00:00:07]}
Kd4 {[%clk 00:04:17]} {[%emt 00:00:04]} 71. Kd2 {[%clk 00:04:54]} {[%emt
00:00:04]} b4 {[%clk 00:04:13]} {[%emt 00:00:33]} 72. Ke2 {[%clk 00:05:06]}
{[%emt 00:00:19]} bxa3 {[%clk 00:04:32]} {[%emt 00:00:11]} 73. bxa3 {[%clk
00:05:33]} {[%emt 00:00:03]} Kc3 {[%clk 00:04:59]} {[%emt 00:00:02]} 74. Kd1
{[%clk 00:06:00]} {[%emt 00:00:04]} Kd3 {[%clk 00:05:24]} {[%emt 00:00:05]} 0-1

[Event "XLIV Memoriał Szachowy Ludwika Zamenhofa 2025, Grupa B"]
[Site "Bialystok, Poland"]
[Date "2025.12.29"]
[Round "5.16"]
[White "Zalewski, Witold"]
[Black "Zimny, Jakub"]
[Result "0-1"]
[TimeControl "90'+30\""]
[WhiteElo "1834"]
[BlackElo "1941"]

1. c4 {[%clk 01:30:58]} {[%emt 00:00:02]} c6 {[%clk 01:30:45]} {[%emt
00:00:15]} 2. Nc3 {[%clk 01:31:22]} {[%emt 00:00:06]} d5 {[%clk 01:30:49]}
{[%emt 00:00:26]} 3. cxd5 {[%clk 01:31:47]} {[%emt 00:00:05]} cxd5 {[%clk
01:31:11]} {[%emt 00:00:08]} 4. d4 {[%clk 01:32:14]} {[%emt 00:00:03]} Nf6
{[%clk 01:31:26]} {[%emt 00:00:14]} 5. Bf4 {[%clk 01:32:38]} {[%emt 00:00:06]}
Nc6 {[%clk 01:31:39]} {[%emt 00:00:18]} 6. e3 {[%clk 01:32:31]} {[%emt
00:00:37]} Bg4 {[%clk 01:31:51]} {[%emt 00:00:18]} 7. Be2 {[%clk 01:29:16]}
{[%emt 00:03:44]} Bxe2 {[%clk 01:31:57]} {[%emt 00:00:24]} 8. Ngxe2 {[%clk
01:29:26]} {[%emt 00:00:20]} Nh5 {[%clk 01:31:26]} {[%emt 00:01:02]} 9. a3
{[%clk 01:28:30]} {[%emt 00:01:26]} Nxf4 {[%clk 01:31:38]} {[%emt 00:00:17]} 10.
Nxf4 {[%clk 01:28:53]} {[%emt 00:00:07]} e6 {[%clk 01:31:56]} {[%emt 00:00:13]}
11. Rc1 {[%clk 01:27:25]} {[%emt 00:01:59]} Bd6 {[%clk 01:20:06]} {[%emt
00:12:19]} 12. Nd3 {[%clk 01:26:57]} {[%emt 00:00:58]} h5 {[%clk 01:16:39]}
{[%emt 00:03:56]} 13. b4 {[%clk 01:25:38]} {[%emt 00:01:50]} h4 {[%clk
01:09:58]} {[%emt 00:07:11]} 14. Nc5 {[%clk 01:23:07]} {[%emt 00:03:00]} Qe7
{[%clk 01:09:38]} {[%emt 00:00:50]} 15. Qa4 {[%clk 00:47:12]} {[%emt 00:36:25]}
O-O {[%clk 01:07:45]} {[%emt 00:02:22]} 16. Nb5 {[%clk 00:42:01]} {[%emt
00:05:42]} Bb8 {[%clk 00:54:41]} {[%emt 00:13:34]} 17. Qd1 {[%clk 00:36:52]}
{[%emt 00:05:39]} a5 {[%clk 00:34:16]} {[%emt 00:20:56]} 18. bxa5 {[%clk
00:29:13]} {[%emt 00:08:09]} Rxa5 {[%clk 00:33:57]} {[%emt 00:00:48]} 19. a4
{[%clk 00:29:17]} {[%emt 00:00:26]} Na7 {[%clk 00:27:52]} {[%emt 00:06:36]} 20.
Rb1 {[%clk 00:28:30]} {[%emt 00:01:16]} b6 {[%clk 00:25:34]} {[%emt 00:02:49]}
21. Nd3 {[%clk 00:26:58]} {[%emt 00:02:01]} Nxb5 {[%clk 00:16:10]} {[%emt
00:09:54]} 22. Rxb5 {[%clk 00:24:46]} {[%emt 00:02:42]} Qa3 {[%clk 00:12:04]}
{[%emt 00:04:36]} 23. Rxb6 {[%clk 00:21:51]} {[%emt 00:03:25]} Rxa4 {[%clk
00:11:46]} {[%emt 00:00:49]} 24. Rb3 {[%clk 00:20:31]} {[%emt 00:01:49]} Qa2
{[%clk 00:11:47]} {[%emt 00:00:29]} 25. O-O {[%clk 00:19:22]} {[%emt 00:01:40]}
Bd6 {[%clk 00:12:10]} {[%emt 00:00:08]} 26. Rb6 {[%clk 00:18:49]} {[%emt
00:01:01]} Bc7 {[%clk 00:10:53]} {[%emt 00:01:48]} 27. Rc6 {[%clk 00:17:20]}
{[%emt 00:01:58]} Rc4 {[%clk 00:10:30]} {[%emt 00:00:53]} 28. Nc5 {[%clk
00:17:11]} {[%emt 00:00:39]} Rc8 {[%clk 00:09:54]} {[%emt 00:01:07]} 29. Qg4
{[%clk 00:16:32]} {[%emt 00:01:08]} Bxh2+ {[%clk 00:09:14]} {[%emt 00:01:10]}
30. Kxh2 {[%clk 00:16:52]} {[%emt 00:00:10]} Rxc6 {[%clk 00:09:36]} {[%emt
00:00:09]} 31. Qxh4 {[%clk 00:16:35]} {[%emt 00:00:46]} Qa8 {[%clk 00:09:22]}
{[%emt 00:00:44]} 32. Kg3 {[%clk 00:15:37]} {[%emt 00:01:29]} e5 {[%clk
00:08:30]} {[%emt 00:01:21]} 33. Rb1 {[%clk 00:10:19]} {[%emt 00:05:48]} Rg6+
{[%clk 00:05:37]} {[%emt 00:03:23]} 34. Kf3 {[%clk 00:10:44]} {[%emt 00:00:05]}
e4+ {[%clk 00:05:43]} {[%emt 00:00:24]} 35. Kf4 {[%clk 00:11:05]} {[%emt
00:00:07]} Qc8 {[%clk 00:05:37]} {[%emt 00:00:38]} 36. Ke5 {[%clk 00:07:57]}
{[%emt 00:03:39]} f6+ {[%clk 00:00:51]} {[%emt 00:05:16]} 37. Kxd5 {[%clk
00:07:53]} {[%emt 00:00:34]} Rxc5+ {[%clk 00:01:03]} {[%emt 00:00:19]} 38. dxc5
{[%clk 00:08:15]} {[%emt 00:00:06]} Rg5+ {[%clk 00:01:24]} {[%emt 00:00:09]} 39.
Qxg5 {[%clk 00:07:01]} {[%emt 00:01:44]} Qd7+ {[%clk 00:01:14]} {[%emt
00:00:41]} 40. Kxe4 {[%clk 00:06:58]} {[%emt 00:00:33]} fxg5 {[%clk 00:01:42]}
{[%emt 00:00:02]} 41. Rb6 {[%clk 00:06:30]} {[%emt 00:00:56]} Kf8 {[%clk
00:01:16]} {[%emt 00:00:56]} 42. Rd6 {[%clk 00:04:51]} {[%emt 00:02:09]} Qg4+
{[%clk 00:01:14]} {[%emt 00:00:33]} 43. Kd5 {[%clk 00:04:24]} {[%emt 00:00:56]}
Qxg2+ {[%clk 00:01:29]} {[%emt 00:00:16]} 44. e4 {[%clk 00:04:54]} Ke7 {[%clk
00:00:35]} {[%emt 00:01:24]} 45. c6 {[%clk 00:04:35]} {[%emt 00:00:49]} Qxf2
{[%clk 00:00:35]} {[%emt 00:00:30]} 46. Rd7+ {[%clk 00:05:01]} {[%emt
00:00:04]} Ke8 {[%clk 00:00:50]} {[%emt 00:00:14]} 47. Rxg7 {[%clk 00:05:03]}
{[%emt 00:00:29]} Qa2+ {[%clk 00:00:39]} {[%emt 00:00:41]} 48. Kd6 {[%clk
00:05:20]} {[%emt 00:00:13]} Qa3+ {[%clk 00:00:40]} {[%emt 00:00:29]} 49. Ke6
{[%clk 00:05:40]} {[%emt 00:00:10]} Qh3+ {[%clk 00:00:38]} {[%emt 00:00:32]} 50.
Kf6 {[%clk 00:04:52]} {[%emt 00:01:18]} Qc3+ {[%clk 00:00:47]} {[%emt
00:00:21]} 51. e5 {[%clk 00:05:06]} {[%emt 00:00:15]} Qxc6+ {[%clk 00:01:14]}
{[%emt 00:00:03]} 52. Kxg5 {[%clk 00:05:28]} {[%emt 00:00:08]} Qe6 {[%clk
00:00:35]} {[%emt 00:01:10]} 53. Kf4 {[%clk 00:05:30]} {[%emt 00:00:28]} Qh6+
{[%clk 00:01:01]} {[%emt 00:00:03]} 54. Rg5 {[%clk 00:05:55]} {[%emt 00:00:05]}
Kf7 {[%clk 00:00:48]} {[%emt 00:00:44]} 55. Kf5 {[%clk 00:05:53]} {[%emt
00:00:31]} Qh7+ {[%clk 00:01:14]} {[%emt 00:00:04]} 56. Kf4 {[%clk 00:06:10]}
{[%emt 00:00:13]} Ke6 {[%clk 00:01:33]} {[%emt 00:00:12]} 57. Kg4 {[%clk
00:04:56]} {[%emt 00:01:44]} Qh2 {[%clk 00:01:36]} {[%emt 00:00:27]} 58. Rh5
{[%clk 00:04:48]} {[%emt 00:00:37]} Qe2+ {[%clk 00:01:58]} {[%emt 00:00:09]} 59.
Kh4 {[%clk 00:05:12]} {[%emt 00:00:05]} Qg2 {[%clk 00:01:46]} {[%emt 00:00:42]}
60. Rg5 {[%clk 00:05:33]} {[%emt 00:00:10]} Qf3 {[%clk 00:02:10]} {[%emt
00:00:06]} 61. Rh5 {[%clk 00:05:50]} {[%emt 00:00:12]} Qf4+ {[%clk 00:02:12]}
{[%emt 00:00:28]} 62. Kh3 {[%clk 00:06:17]} {[%emt 00:00:03]} Kd5 {[%clk
00:02:27]} {[%emt 00:00:16]} 63. Rh4 {[%clk 00:05:21]} {[%emt 00:01:25]} Qf3+
{[%clk 00:02:44]} {[%emt 00:00:13]} 64. Kh2 {[%clk 00:05:51]} Kxe5 {[%clk
00:03:01]} {[%emt 00:00:12]} 65. Rh3 {[%clk 00:05:45]} {[%emt 00:00:36]} Qf2+
{[%clk 00:02:46]} {[%emt 00:00:45]} 66. Kh1 {[%clk 00:06:14]} {[%emt 00:00:01]}
Kf4 {[%clk 00:02:45]} {[%emt 00:00:31]} 67. Rh6 {[%clk 00:05:04]} {[%emt
00:01:40]} Qe1+ {[%clk 00:02:37]} {[%emt 00:00:39]} 68. Kh2 {[%clk 00:04:18]}
{[%emt 00:01:15]} Qe2+ {[%clk 00:01:22]} {[%emt 00:01:45]} 69. Kh3 {[%clk
00:03:04]} {[%emt 00:01:45]} Qd3+ {[%clk 00:01:14]} {[%emt 00:00:38]} 70. Kg2
{[%clk 00:02:57]} {[%emt 00:00:35]} Qc2+ {[%clk 00:01:21]} {[%emt 00:00:24]} 71.
Kh3 {[%clk 00:02:33]} {[%emt 00:00:52]} Qc3+ {[%clk 00:01:35]} {[%emt
00:00:18]} 72. Kg2 {[%clk 00:02:32]} {[%emt 00:00:30]} Qg7+ {[%clk 00:02:02]}
{[%emt 00:00:03]} 73. Kh2 {[%emt 00:02:02]} Qb2+ {[%emt 00:00:34]} 74. Kh1
{[%emt 00:00:22]} Qc1+ {[%emt 00:00:06]} 75. Kg2 {[%emt 00:00:04]} Qc2+ {[%emt
00:00:02]} 76. Kh3 {[%emt 00:00:03]} Qd3+ {[%emt 00:00:27]} 77. Kg2 {[%emt
00:00:24]} 0-1